UM Logo

Exploring the role of off-task activity on students' collaborative dynamics / (Record no. 18091)

MARC details
000 -LEADER
fixed length control field 01072nam a22002657a 4500
003 - CONTROL NUMBER IDENTIFIER
control field OSt
005 - DATE AND TIME OF LATEST TRANSACTION
control field 20260415182224.0
008 - FIXED-LENGTH DATA ELEMENTS--GENERAL INFORMATION
fixed length control field 230703b ||||| |||| 00| 0 eng d
040 ## - CATALOGING SOURCE
Transcribing agency 0
082 ## - DEWEY DECIMAL CLASSIFICATION NUMBER
Classification number DPer 370.15 J826 April-May 2020 v. 112 n. 3-4
100 ## - MAIN ENTRY--PERSONAL NAME
Personal name Langer-Osuna, Jennifer M.
Relator term author.
9 (RLIN) 48435
245 ## - TITLE STATEMENT
Title Exploring the role of off-task activity on students' collaborative dynamics /
Statement of responsibility, etc. Jennifer M. Langer-Osuna, Emma Gargroetzi, Jen Munson, and Rosa Chavez.
260 ## - PUBLICATION, DISTRIBUTION, ETC. (IMPRINT)
Place of publication, distribution, etc. Washington ;
Name of publisher, distributor, etc. American Psychological Association ,
Date of publication, distribution, etc. April 2020.
300 ## - PHYSICAL DESCRIPTION
Extent Volume 112, pages 514-532 :
Other physical details illustration ;
Dimensions 28 cm.
500 ## - GENERAL NOTE
General note Journal of Educational Psychology, vol. 112, no. 3, pages 514-532, April 2020.
610 ## - SUBJECT ADDED ENTRY--CORPORATE NAME
Source of heading or term Psychology.
650 ## - SUBJECT ADDED ENTRY--TOPICAL TERM
Topical term or geographic name as entry element Education.
9 (RLIN) 48436
650 ## - SUBJECT ADDED ENTRY--TOPICAL TERM
Topical term or geographic name as entry element Mathematics.
9 (RLIN) 48437
650 ## - SUBJECT ADDED ENTRY--TOPICAL TERM
Topical term or geographic name as entry element Elementary schools.
9 (RLIN) 48438
700 ## - ADDED ENTRY--PERSONAL NAME
Relator code Langer-Osuna, Jennifer M.
Relator term author.
9 (RLIN) 48439
700 ## - ADDED ENTRY--PERSONAL NAME
Personal name Gargroetzi, Emma.
Relator term author.
9 (RLIN) 48440
700 ## - ADDED ENTRY--PERSONAL NAME
Personal name Munson, Jen.
Relator term author.
9 (RLIN) 48441
700 ## - ADDED ENTRY--PERSONAL NAME
Personal name Chavez, Rosa.
Relator term author.
9 (RLIN) 48442
942 ## - ADDED ENTRY ELEMENTS (KOHA)
Source of classification or shelving scheme Dewey Decimal Classification
Koha item type Periodicals
Holdings
Withdrawn status Lost status Source of classification or shelving scheme Damaged status Not for loan Collection code Home library Current library Date acquired Total Checkouts Full call number Date last seen Price effective from Koha item type Public note
    Dewey Decimal Classification     Periodicals UM Digos College - LIC UM Digos College - LIC 07/03/2023   DPer 370.15 J826 April-May 2020 v. 112 n. 3-4 07/03/2023 07/03/2023 Periodicals Periodical article